LEADER 00908cam0-2200325---450- 001 990005859690403321 005 20090706140944.0 010 $a88-06-14170-8 035 $a000585969 035 $aFED01000585969 035 $a(Aleph)000585969FED01 035 $a000585969 100 $a20000421d1998----km-y0itay50------ba 101 0 $aita 102 $aIT 105 $aa-------001yy 200 1 $a<>corpo del duce$eun cadavere tra immaginazione, storia e memoria$fSergio Luzzatto 210 $aTorino$cEinaudi$d1998 215 $aX, 246 p.$cill.$d22 cm 225 1 $aSaggi$v820 610 0 $aMussolini, Benito 676 $a945.0916092 700 1$aLuzzatto,$bSergio$f<1963- >$0151703 801 0$aIT$bUNINA$gRICA$2UNIMARC 901 $aBK 912 $a990005859690403321 952 $a945.091 LUZ 1$bBIBL.28066$fFLFBC 959 $aFLFBC 996 $aCorpo del duce$9565386 997 $aUNINA LEADER 00709nam2 22002171i 450 001 990002355910403321 035 $a000235591 035 $aFED01000235591 035 $a(Aleph)000235591FED01 035 $a000235591 100 $a20030801d--------km-y0itay50------ba 200 1 $aBasi farmacologiche della terapia dell' encefalopatia portosistemica. Firenze, 1989,v. 1, p. 598-600. 463 0$1001000220403 701 1$aMugelli,$bAlessandro$0366613 801 0$aIT$bUNINA$gRICA$2UNIMARC 901 $aBK 912 $a990002355910403321 959 $aFFABC 996 $aBasi farmacologiche della terapia dell' encefalopatia portosistemica. Firenze, 1989,v. 1, p. 598-600$9442201 997 $aUNINA DB $aING01 LEADER 01970oam 2200517I 450 001 9910707387503321 005 20160708154026.0 035 $a(CKB)5470000002463639 035 $a(OCoLC)891383489 035 $a(EXLCZ)995470000002463639 100 $a20140926d1969 ua 0 101 0 $aeng 135 $aurbn||||||||| 181 $ctxt$2rdacontent 182 $cc$2rdamedia 183 $acr$2rdacarrier 200 10$aAtomic-absorption methods of analysis useful in geochemical exploration $ea compilation of atomic-absorption methods yielding data on geologic materials useful in geochemical prospecting for ore deposits /$fby F.N. Ward, H.M. Nakagawa, T.F. Harms, and G.H. VanSickle 210 1$a[Washington, D.C.] :$cUnited States Department of the Interior, Geological Survey,$d1969. 210 2$aWashington :$cUnited States Government Printing Office. 215 $a1 online resource (iii, 45 pages) 225 1 $aGeological Survey bulletin ;$v1289 300 $aTitle from title screen (viewed September 15, 2014). 320 $aIncludes bibliographical references (pages 42-45). 517 $aAtomic-absorption methods of analysis useful in geochemical exploration 606 $aGeochemical prospecting 606 $aSpectrum analysis 606 $aGeochemical prospecting$2fast 606 $aSpectrum analysis$2fast 615 0$aGeochemical prospecting. 615 0$aSpectrum analysis. 615 7$aGeochemical prospecting. 615 7$aSpectrum analysis. 700 $aWard$b Frederick Norville$f1915-$01402806 702 $aHarms$b Thelma F. 702 $aNakagawa$b Harry M. 702 $aVanSickle$b G. H. 712 02$aGeological Survey (U.S.), 801 0$bCOP 801 1$bCOP 801 2$bOCLCO 801 2$bOCLCF 801 2$bGPO 906 $aBOOK 912 $a9910707387503321 996 $aAtomic-absorption methods of analysis useful in geochemical exploration$93496119 997 $aUNINA